[Event "GBR-ch111 Over 50"]
[Site "Liverpool"]
[Date "2025.08.09"]
[Round "6.24"]
[White "Richards, Simon"]
[Black "Wilson, Matthew R"]
[Result "1/2-1/2"]
[WhiteElo "1697"]
[BlackElo "1784"]
[PlyCount "50"]
[EventDate "2025.08.04"]
[EventType "swiss"]
[EventRounds "7"]
[EventCountry "GBR"]
[SourceTitle "BritBase"]
[Source "John Saunders"]
[SourceDate "2025.08.11"]
[SourceVersion "1"]
[SourceVersionDate "2025.08.11"]
[SourceQuality "1"]

1. Nc3 c5 2. e4 e6 3. f4 d5 4. Nf3 d4 5. Bb5+ Nd7 6. Ne2 a6 7. Bxd7+ Bxd7 8. d3 Bd6 9. O-O Ne7 10. Qe1 f5 11. Qh4 Ng6 12. Qh5 Qe7 13. exf5 exf5 14. Nexd4 O-O-O 15. Nxf5 Bxf5 16. Qxf5+ Kb8 17. g3 Qc7 18. b3 Rhf8 19. Qg4 c4 20. bxc4 Bc5+ 21. Kg2 Rfe8 22. Ng5 Qc6+ 23. Kh3 h5 24. Qf3 Qd7+ 25. Kg2 h4 1/2-1/2

[Event "GBR-ch111 Over 50"]
[Site "Liverpool"]
[Date "2025.08.09"]
[Round "6.25"]
[White "Polanyk, John"]
[Black "Tuke, David"]
[Result "1-0"]
[WhiteElo "1771"]
[BlackElo "1722"]
[PlyCount "67"]
[EventDate "2025.08.04"]
[EventType "swiss"]
[EventRounds "7"]
[EventCountry "GBR"]
[SourceTitle "BritBase"]
[Source "John Saunders"]
[SourceDate "2025.08.11"]
[SourceVersion "1"]
[SourceVersionDate "2025.08.11"]
[SourceQuality "1"]

1. e4 e6 2. d4 d5 3. e5 c5 4. dxc5 Bxc5 5. Bd3 Qb6 6. Qe2 Nc6 7. Nf3 Nd4 8. Nxd4 Bxd4 9. c3 Bc5 10. O-O Qc7 11. Bf4 Ne7 12. Nd2 Ng6 13. Bg3 O-O 14. Nf3 Bd7 15. h4 Rfd8 16. h5 Nf8 17. h6 g6 18. Bh4 Re8 19. Nh2 Be7 20. Bxe7 Rxe7 21. Ng4 Bc6 22. Qf3 f5 23. exf6 Rf7 24. Rae1 Qd8 25. Qf4 Bd7 26. Re3 e5 27. Nxe5 Rxf6 28. Qg3 Bf5 29. Bxf5 Rxf5 30. Rfe1 Qf6 31. Ng4 Qd8 32. Re7 Rf7 33. Rxf7 Kxf7 34. Qe5 1-0

[Event "GBR-ch111 Over 50"]
[Site "Liverpool"]
[Date "2025.08.09"]
[Round "6.26"]
[White "Lynch, Chris"]
[Black "Potter, Steven"]
[Result "0-1"]
[WhiteElo "1615"]
[BlackElo "1855"]
[PlyCount "128"]
[EventDate "2025.08.04"]
[EventType "swiss"]
[EventRounds "7"]
[EventCountry "GBR"]
[SourceTitle "BritBase"]
[Source "John Saunders"]
[SourceDate "2025.08.11"]
[SourceVersion "1"]
[SourceVersionDate "2025.08.11"]
[SourceQuality "1"]

1. Nf3 b6 2. g3 Bb7 3. Bg2 e6 4. c4 f5 5. d4 Nf6 6. Nc3 Bb4 7. O-O Bxc3 8. bxc3 Ne4 9. Qc2 O-O 10. Rd1 d6 11. Ng5 Qf6 12. Be3 d5 13. Nxe4 fxe4 14. cxd5 exd5 15. c4 c6 16. cxd5 cxd5 17. Rac1 Nc6 18. Qb3 Na5 19. Qb4 Nc4 20. Rxc4 dxc4 21. Qxc4+ Kh8 22. d5 h6 23. Bxe4 Rac8 24. Qd3 Qb2 25. Bd4 Qb4 26. Qe3 Qd6 27. Bb2 Rfe8 28. Qd4 Rc7 29. e3 Bc8 30. Bg2 Rf8 31. h3 Rff7 32. e4 Rc2 33. f4 Qg6 34. Rd3 Ba6 35. Re3 Qh5 36. e5 Qg6 37. Be4 Qh5 38. h4 Rc4 39. Qd2 Qg4 40. Bg2 Rcxf4 41. gxf4 Rxf4 42. Qe1 Rf1+ 43. Qxf1 Bxf1 44. Kxf1 Qf5+ 45. Bf3 Qh3+ 46. Ke2 Qh2+ 47. Kd3 Qxb2 48. e6 Qb1+ 49. Kd4 Qb4+ 50. Ke5 Qxh4 51. d6 Qg5+ 52. Kd4 Qc5+ 53. Ke4 Qxd6 54. Bg4 h5 55. Bf5 g6 56. Bh3 Kg7 57. Rd3 Qc6+ 58. Ke5 Qc7+ 59. Rd6 Qc3+ 60. Kd5 Qxh3 61. Rd7+ Kf8 62. Kd6 Qd3+ 63. Kc7 Qc4+ 64. Kd6 Qc5# 0-1

[Event "GBR-ch111 Over 50"]
[Site "Liverpool"]
[Date "2025.08.09"]
[Round "6.27"]
[White "Miller, Jonathan"]
[Black "White, Nicholas E"]
[Result "0-1"]
[WhiteElo "1573"]
[BlackElo "1706"]
[PlyCount "65"]
[EventDate "2025.08.04"]
[EventType "swiss"]
[EventRounds "7"]
[EventCountry "GBR"]
[SourceTitle "BritBase"]
[Source "John Saunders"]
[SourceDate "2025.08.11"]
[SourceVersion "1"]
[SourceVersionDate "2025.08.11"]
[SourceQuality "1"]

1. d4 c6 2. Nc3 d5 3. Bf4 Nf6 4. e3 Bf5 5. Bd3 Bg6 6. Nf3 e6 7. Ne5 Bxd3 8. cxd3 Nbd7 9. a3 Nxe5 10. dxe5 Nd7 11. O-O a5 12. Rb1 h5 13. h3 Be7 14. Bh2 b5 15. f4 Qb6 16. Qf3 g6 17. Kh1 h4 18. e4 d4 19. f5 gxf5 20. exf5 exf5 21. Qxf5 dxc3 22. Qxf7+ Kd8 23. Qg7 Rf8 24. Rxf8+ Bxf8 25. Qf7 Be7 26. Qg8+ Nf8 27. Rf1 cxb2 28. Rxf8+ Bxf8 29. Qxf8+ Kc7 30. Qe7+ Kc8 31. Qe6+ Kb7 32. Qb3 Rf8 33. Qc4 0-1

[Event "GBR-ch111 Over 50"]
[Site "Liverpool"]
[Date "2025.08.09"]
[Round "6.28"]
[White "Weersing, Nathan"]
[Black "Slegg, Gary"]
[Result "0-1"]
[WhiteElo "1665"]
[BlackElo "1622"]
[PlyCount "124"]
[EventDate "2025.08.04"]
[EventType "swiss"]
[EventRounds "7"]
[EventCountry "GBR"]
[SourceTitle "BritBase"]
[Source "John Saunders"]
[SourceDate "2025.08.11"]
[SourceVersion "1"]
[SourceVersionDate "2025.08.11"]
[SourceQuality "1"]

1. e4 c5 2. Nf3 Nc6 3. Bb5 g6 4. Bxc6 dxc6 5. d3 Bg7 6. O-O Nf6 7. h3 O-O 8. Nc3 Qc7 9. Be3 b6 10. Qd2 Rd8 11. Bf4 Qb7 12. Rfe1 Be6 13. Qe3 Nh5 14. Bh6 Bd4 15. Qd2 Bg7 16. Rad1 Qc7 17. e5 Bh8 18. g4 Ng7 19. Qg5 Qd7 20. d4 cxd4 21. Nxd4 Bd5 22. Qe3 Qb7 23. Nxd5 Rxd5 24. c4 Rdd8 25. Bf4 c5 26. Nb5 Ne6 27. Bg3 a6 28. Na3 Nd4 29. Qc1 Nf3+ 30. Kf1 Nxe1 31. Rxe1 Qh1+ 32. Ke2 Qe4+ 33. Kf1 Qh1+ 34. Ke2 Qxh3 35. Qg5 f6 36. exf6 exf6 37. Qc1 Qxg4+ 38. Kf1 Qh3+ 39. Kg1 Qd7 40. Kg2 Qd2 41. Qb1 f5 42. Nc2 Re8 43. Rd1 Qe2 44. b3 Rad8 45. Re1 Qd2 46. Bc7 Rxe1 47. Nxe1 Qd1 48. Qc2 Qxc2 49. Nxc2 Rd2 50. Ne3 Bd4 51. Kf3 b5 52. cxb5 axb5 53. a3 Ra2 54. Bb6 Rxa3 55. b4 Bxe3 56. fxe3 cxb4 57. Bc5 Rb3 58. Kf4 Rb1 59. Kg5 Kf7 60. Kh6 b3 61. Bd4 b2 62. e4 Rh1+ 0-1

[Event "GBR-ch111 Over 50"]
[Site "Liverpool"]
[Date "2025.08.10"]
[Round "7.1"]
[White "Merriman, John"]
[Black "Baker, Chris W"]
[Result "1-0"]
[WhiteElo "2202"]
[BlackElo "2187"]
[PlyCount "101"]
[EventDate "2025.08.04"]
[EventType "swiss"]
[EventRounds "7"]
[EventCountry "GBR"]
[SourceTitle "BritBase"]
[Source "John Saunders"]
[SourceDate "2025.08.11"]
[SourceVersion "1"]
[SourceVersionDate "2025.08.11"]
[SourceQuality "1"]

1. d4 Nf6 2. c4 e6 3. Nc3 Bb4 4. e3 O-O 5. Bd3 d5 6. a3 Bxc3+ 7. bxc3 c5 8. Ne2 dxc4 9. Bxc4 b6 10. O-O Qc7 11. Ba2 Nbd7 12. f3 Ba6 13. Bb2 Rac8 14. Rc1 Rfd8 15. c4 cxd4 16. exd4 e5 17. Qa4 Bb7 18. d5 Qc5+ 19. Kh1 Qe3 20. Ng3 Nc5 21. Qc2 Qf4 22. Nf5 Ncd7 23. g3 Qg5 24. Ne7+ Kf8 25. Nxc8 Rxc8 26. Qe2 Re8 27. Bb1 Ba6 28. Qf2 Qh5 29. Rfe1 Kg8 30. Re3 Bb7 31. Rce1 b5 32. Rb3 a6 33. a4 Rc8 34. axb5 Rxc4 35. bxa6 Bxd5 36. Kg1 Ra4 37. Rbe3 Rxa6 38. Bxe5 Be6 39. g4 Qh6 40. Rc3 Nxe5 41. Rxe5 Qf4 42. Rec5 g6 43. Qe3 Qb4 44. Rc1 Ra3 45. Qf2 Bd5 46. g5 Ng4 47. Rc8+ Kg7 48. Qc5 Qxc5+ 49. R8xc5 Bxf3 50. h3 Ne3 51. R5c3 1-0

[Event "GBR-ch111 Over 50"]
[Site "Liverpool"]
[Date "2025.08.10"]
[Round "7.2"]
[White "Handley, Michael R"]
[Black "Arkell, Keith C"]
[Result "0-1"]
[WhiteElo "1974"]
[BlackElo "2363"]
[PlyCount "66"]
[EventDate "2025.08.04"]
[EventType "swiss"]
[EventRounds "7"]
[EventCountry "GBR"]
[SourceTitle "BritBase"]
[Source "John Saunders"]
[SourceDate "2025.08.11"]
[SourceVersion "1"]
[SourceVersionDate "2025.08.11"]
[SourceQuality "1"]

1. d4 Nf6 2. c4 e6 3. Nc3 Bb4 4. Qc2 c5 5. dxc5 Na6 6. a3 Qa5 7. Bd2 Nxc5 8. Nf3 Bxc3 9. Bxc3 Qa4 10. Qxa4 Nxa4 11. Be5 d6 12. Bxd6 Nxb2 13. e3 Na4 14. Ne5 Ne4 15. c5 Naxc5 16. Bb5+ Bd7 17. Nxd7 Nxd7 18. Be5 f6 19. Bb2 Nd6 20. Be2 Rc8 21. Rc1 Rxc1+ 22. Bxc1 Ke7 23. a4 Rc8 24. O-O Nc4 25. Rd1 Ndb6 26. Rd4 e5 27. Rh4 h6 28. f4 Nd5 29. fxe5 Nxe5 30. Ba3+ Kf7 31. Kf2 Rc2 32. Bb4 Nxb4 33. Rxb4 Nd3+ 0-1

[Event "GBR-ch111 Over 50"]
[Site "Liverpool"]
[Date "2025.08.10"]
[Round "7.3"]
[White "Dougherty, Michael"]
[Black "Duncan, Chris R"]
[Result "1/2-1/2"]
[WhiteElo "2076"]
[BlackElo "2196"]
[PlyCount "74"]
[EventDate "2025.08.04"]
[EventType "swiss"]
[EventRounds "7"]
[EventCountry "GBR"]
[SourceTitle "BritBase"]
[Source "John Saunders"]
[SourceDate "2025.08.11"]
[SourceVersion "1"]
[SourceVersionDate "2025.08.11"]
[SourceQuality "1"]

1. b3 d5 2. Bb2 Bg4 3. f3 Bf5 4. e3 Nd7 5. Nc3 c6 6. g4 Bg6 7. Bd3 e5 8. Bxg6 Qh4+ 9. Ke2 hxg6 10. Qe1 Bd6 11. Qxh4 Rxh4 12. Kf2 O-O-O 13. Nce2 Ngf6 14. h3 Kc7 15. Kg2 a5 16. Ng3 a4 17. N1e2 Ra8 18. d4 Re8 19. Rae1 b5 20. g5 Nh7 21. dxe5 Bxe5 22. Bxe5+ Rxe5 23. Nd4 Nhf8 24. f4 Re8 25. Nf3 Rh8 26. h4 Ne6 27. h5 gxh5 28. f5 Nec5 29. Rxh5 Rhg8 30. Rh4 Ne5 31. Nd4 axb3 32. axb3 Ned7 33. e4 Nxe4 34. Nxe4 dxe4 35. Rhxe4 Rxe4 36. Rxe4 Kd6 37. Nf3 Ra8 1/2-1/2

[Event "GBR-ch111 Over 50"]
[Site "Liverpool"]
[Date "2025.08.10"]
[Round "7.4"]
[White "Baer, Bruce L"]
[Black "Crocker, Philip J"]
[Result "0-1"]
[WhiteElo "1938"]
[BlackElo "2155"]
[PlyCount "81"]
[EventDate "2025.08.04"]
[EventType "swiss"]
[EventRounds "7"]
[EventCountry "GBR"]
[SourceTitle "BritBase"]
[Source "John Saunders"]
[SourceDate "2025.08.11"]
[SourceVersion "1"]
[SourceVersionDate "2025.08.11"]
[SourceQuality "1"]

1. g3 Nf6 2. Bg2 g6 3. d3 Bg7 4. e4 d6 5. Nf3 c5 6. O-O Nc6 7. c3 O-O 8. Re1 e5 9. a3 b5 10. Be3 Qb6 11. h3 a5 12. Nfd2 a4 13. f4 Nh5 14. Kh2 exf4 15. gxf4 f5 16. Bf3 Nf6 17. b4 Be6 18. Qe2 Rae8 19. Qg2 Ne7 20. Nf1 Qc7 21. Nbd2 fxe4 22. dxe4 Nd7 23. Rac1 Kh8 24. Qg3 Ne5 25. Be2 Bc4 26. Nxc4 bxc4 27. Nd2 Nd3 28. Bxd3 cxd3 29. b5 d5 30. e5 Nf5 31. Qg4 Bh6 32. Bf2 Ng7 33. Bg3 Nh5 34. Rf1 Rf5 35. Rf3 c4 36. Nf1 Ref8 37. Ne3 Nxg3 38. Nxf5 Nxf5 39. Rb1 d4 40. b6 Qb7 41. cxd4 0-1

[Event "GBR-ch111 Over 50"]
[Site "Liverpool"]
[Date "2025.08.10"]
[Round "7.5"]
[White "Okike, David C"]
[Black "Cook, Phil"]
[Result "1/2-1/2"]
[WhiteElo "2165"]
[BlackElo "1844"]
[PlyCount "74"]
[EventDate "2025.08.04"]
[EventType "swiss"]
[EventRounds "7"]
[EventCountry "GBR"]
[SourceTitle "BritBase"]
[Source "John Saunders"]
[SourceDate "2025.08.11"]
[SourceVersion "1"]
[SourceVersionDate "2025.08.11"]
[SourceQuality "1"]

1. e4 c5 2. Nf3 e6 3. d4 cxd4 4. Nxd4 a6 5. Bd3 Bc5 6. Nb3 Ba7 7. Nc3 Nc6 8. Bf4 d6 9. Qd2 Nge7 10. O-O-O e5 11. Bg3 Be6 12. Kb1 O-O 13. Rhe1 b5 14. f4 exf4 15. Bxf4 Ng6 16. Bg3 b4 17. Nd5 a5 18. Bb5 Nce5 19. Nd4 Bxd5 20. exd5 Bc5 21. Nf5 a4 22. h4 Ra5 23. h5 Rxb5 24. hxg6 hxg6 25. Nxd6 Bxd6 26. Bxe5 Bxe5 27. Rxe5 a3 28. b3 Qd6 29. Qe3 g5 30. Qe4 Qc5 31. Qd3 Rb6 32. Rxg5 Re8 33. Rg3 Rd6 34. c4 Qf2 35. Rd2 Qe1+ 36. Rd1 Qf2 37. Rd2 Qe1+ 1/2-1/2

[Event "GBR-ch111 Over 50"]
[Site "Liverpool"]
[Date "2025.08.10"]
[Round "7.6"]
[White "Jaszkiwskyj, Peter"]
[Black "Neave, George"]
[Result "1/2-1/2"]
[WhiteElo "1889"]
[BlackElo "2066"]
[PlyCount "26"]
[EventDate "2025.08.04"]
[EventType "swiss"]
[EventRounds "7"]
[EventCountry "GBR"]
[SourceTitle "BritBase"]
[Source "John Saunders"]
[SourceDate "2025.08.11"]
[SourceVersion "1"]
[SourceVersionDate "2025.08.11"]
[SourceQuality "1"]

1. d4 Nf6 2. c4 g6 3. Nf3 Bg7 4. Nc3 O-O 5. e4 d6 6. Be2 Nbd7 7. Be3 e5 8. d5 Ng4 9. Bg5 f6 10. Bh4 g5 11. Bg3 f5 12. exf5 Nc5 13. h4 Nh6 1/2-1/2

[Event "GBR-ch111 Over 50"]
[Site "Liverpool"]
[Date "2025.08.10"]
[Round "7.7"]
[White "Jennings, Richard"]
[Black "Gardiner, Eric D"]
[Result "1-0"]
[WhiteElo "1926"]
[BlackElo "1869"]
[PlyCount "94"]
[EventDate "2025.08.04"]
[EventType "swiss"]
[EventRounds "7"]
[EventCountry "GBR"]
[SourceTitle "BritBase"]
[Source "John Saunders"]
[SourceDate "2025.08.11"]
[SourceVersion "1"]
[SourceVersionDate "2025.08.11"]
[SourceQuality "1"]

1. d4 d5 2. Bf4 Nf6 3. e3 e6 4. Bd3 Bd6 5. Bg3 c5 6. c3 Qc7 7. Nf3 Nbd7 8. Bxd6 Qxd6 9. Nbd2 O-O 10. O-O e5 11. dxe5 Nxe5 12. Nxe5 Qxe5 13. Nf3 Qe7 14. h3 Bd7 15. Qe2 Bc6 16. Bb5 Rac8 17. Rfd1 Rfd8 18. a4 a6 19. Bxc6 Rxc6 20. Rd3 Rcd6 21. Rad1 b5 22. Qc2 Ne4 23. Nd2 c4 24. Rd4 Nc5 25. axb5 axb5 26. b4 Nd3 27. Ra1 g6 28. Ra5 Rb8 29. Nf3 Kg7 30. Qd2 Qe6 31. Ng5 Qe7 32. Nf3 Qe6 33. Ra7 h6 34. Rg4 Ra6 35. Nd4 Qf6 36. Rxa6 Qxa6 37. Nf5+ Kh7 38. Nd4 Ra8 39. Kh2 Qa1 40. e4 Ra2 41. Qe3 Nxf2 42. Qf3 Nxg4+ 43. hxg4 Kg7 44. e5 Qb2 45. e6 Ra7 46. Nc6 Qa2 47. Qe3 Ra8 1-0

[Event "GBR-ch111 Over 50"]
[Site "Liverpool"]
[Date "2025.08.10"]
[Round "7.8"]
[White "Farrell, Neil R"]
[Black "McMichael, Richard J"]
[Result "1-0"]
[WhiteElo "2134"]
[BlackElo "2112"]
[PlyCount "33"]
[EventDate "2025.08.04"]
[EventType "swiss"]
[EventRounds "7"]
[EventCountry "GBR"]
[SourceTitle "BritBase"]
[Source "John Saunders"]
[SourceDate "2025.08.11"]
[SourceVersion "1"]
[SourceVersionDate "2025.08.11"]
[SourceQuality "1"]

1. d4 e6 2. c4 f5 3. g3 Nf6 4. Bg2 d5 5. Nf3 Be7 6. O-O Ne4 7. Nbd2 Nc6 8. e3 h5 9. Nxe4 fxe4 10. Ne5 Bf6 11. Nxc6 bxc6 12. f3 Ba6 13. fxe4 Bxc4 14. Rf2 Qd7 15. b3 Ba6 16. Ba3 Bg5 17. Qxh5+ 1-0

[Event "GBR-ch111 Over 50"]
[Site "Liverpool"]
[Date "2025.08.10"]
[Round "7.9"]
[White "Swiatkowski, Aram"]
[Black "Brett, Andrew R"]
[Result "1-0"]
[WhiteElo "1844"]
[BlackElo "2061"]
[PlyCount "125"]
[EventDate "2025.08.04"]
[EventType "swiss"]
[EventRounds "7"]
[EventCountry "GBR"]
[SourceTitle "BritBase"]
[Source "John Saunders"]
[SourceDate "2025.08.11"]
[SourceVersion "1"]
[SourceVersionDate "2025.08.11"]
[SourceQuality "1"]

1. e4 c5 2. f4 d5 3. exd5 Nf6 4. Bb5+ Nbd7 5. Nf3 Nxd5 6. O-O e6 7. f5 a6 8. fxe6 fxe6 9. Bxd7+ Bxd7 10. d3 Bd6 11. Ng5 Nf6 12. Nc3 O-O 13. Bf4 Bxf4 14. Rxf4 Qc7 15. Rh4 h6 16. Nge4 Nd5 17. Qh5 Nxc3 18. bxc3 e5 19. Qg6 Bf5 20. Qd6 Rac8 21. Rf1 Qc6 22. Qxe5 Bxe4 23. Rxf8+ Rxf8 24. Rxe4 Qb5 25. Qe6+ Kh7 26. Qb3 Qc6 27. h3 b5 28. Qe6 Qc7 29. Qe7 Qxe7 30. Rxe7 Rf4 31. Re4 Rf6 32. g3 Kg6 33. Kg2 Rc6 34. Rf4 Re6 35. Kf2 Rd6 36. Ke3 Re6+ 37. Re4 Rc6 38. a3 Kf6 39. c4 Rc8 40. cxb5 axb5 41. a4 Rb8 42. axb5 Rxb5 43. Kd2 Ra5 44. Kc3 Ra2 45. Kb3 Ra5 46. Kc4 Ra2 47. Re2 Ra5 48. Kd5 h5 49. c4 Ra3 50. Re3 Ra5 51. Kc6 g5 52. Kb6 Ra2 53. Kxc5 Rh2 54. g4 h4 55. d4 Rg2 56. Kd6 Rg3 57. Re6+ Kf7 58. Re5 Kf6 59. c5 Rxh3 60. c6 Rc3 61. c7 h3 62. Re2 Rc4 63. d5 1-0

[Event "GBR-ch111 Over 50"]
[Site "Liverpool"]
[Date "2025.08.10"]
[Round "7.10"]
[White "Noyce, Robert C"]
[Black "Brown, Alan M"]
[Result "1/2-1/2"]
[WhiteElo "2040"]
[BlackElo "1935"]
[PlyCount "23"]
[EventDate "2025.08.04"]
[EventType "swiss"]
[EventRounds "7"]
[EventCountry "GBR"]
[SourceTitle "BritBase"]
[Source "John Saunders"]
[SourceDate "2025.08.11"]
[SourceVersion "1"]
[SourceVersionDate "2025.08.11"]
[SourceQuality "1"]

1. c4 e6 2. g3 Nf6 3. Bg2 d5 4. cxd5 exd5 5. Nf3 Be7 6. O-O O-O 7. a3 Nbd7 8. b4 a5 9. b5 Ne4 10. d3 Nec5 11. Bb2 Bf6 12. Bxf6 1/2-1/2

[Event "GBR-ch111 Over 50"]
[Site "Liverpool"]
[Date "2025.08.10"]
[Round "7.11"]
[White "Ledger, Stephen C"]
[Black "Sykes, Chris"]
[Result "1/2-1/2"]
[WhiteElo "2033"]
[BlackElo "1903"]
[PlyCount "38"]
[EventDate "2025.08.04"]
[EventType "swiss"]
[EventRounds "7"]
[EventCountry "GBR"]
[SourceTitle "BritBase"]
[Source "John Saunders"]
[SourceDate "2025.08.11"]
[SourceVersion "1"]
[SourceVersionDate "2025.08.11"]
[SourceQuality "1"]

1. b3 e5 2. Bb2 Nc6 3. e3 d5 4. Bb5 f6 5. Ne2 Nge7 6. f4 a6 7. Bxc6+ Nxc6 8. O-O Bd6 9. c4 dxc4 10. bxc4 Be6 11. d3 exf4 12. Nxf4 Bxf4 13. Rxf4 O-O 14. Nc3 Ne5 15. Rd4 Qe7 16. Nd5 Bxd5 17. Rxd5 Nc6 18. Qf3 Rfe8 19. e4 Rad8 1/2-1/2

[Event "GBR-ch111 Over 50"]
[Site "Liverpool"]
[Date "2025.08.10"]
[Round "7.12"]
[White "Mason, Donald J"]
[Black "Coffey, Mike J"]
[Result "1/2-1/2"]
[WhiteElo "2015"]
[BlackElo "1894"]
[PlyCount "85"]
[EventDate "2025.08.04"]
[EventType "swiss"]
[EventRounds "7"]
[EventCountry "GBR"]
[SourceTitle "BritBase"]
[Source "John Saunders"]
[SourceDate "2025.08.11"]
[SourceVersion "1"]
[SourceVersionDate "2025.08.11"]
[SourceQuality "1"]

1. e4 e5 2. Nf3 Nc6 3. Bc4 Bc5 4. c3 Qe7 5. d4 Bb6 6. O-O d6 7. d5 Nb8 8. a4 a6 9. a5 Ba7 10. Be3 Bxe3 11. fxe3 Nf6 12. Bd3 Bg4 13. Nbd2 Nbd7 14. h3 Bh5 15. g4 Bg6 16. Qb1 Nc5 17. Bc2 h6 18. b4 Ncd7 19. Ra2 Nh7 20. Qe1 h5 21. gxh5 Bxh5 22. Qh4 Nhf6 23. Qg3 Rh6 24. Nh4 Bg6 25. Nf5 Bxf5 26. exf5 Nxd5 27. Ne4 N5f6 28. Ng5 c6 29. Bb3 d5 30. Rg2 O-O-O 31. e4 Nh5 32. Qe3 Nf4 33. Rg3 Nf6 34. exd5 N6xd5 35. Bxd5 Nxd5 36. Qa7 Nc7 37. Ne4 Qh4 38. Re3 Nb5 39. Qc5 f6 40. c4 Nd4 41. Qe7 Rd7 42. Qe8+ Rd8 43. Qe7 1/2-1/2

[Event "GBR-ch111 Over 50"]
[Site "Liverpool"]
[Date "2025.08.10"]
[Round "7.13"]
[White "Kee, Steve"]
[Black "Giulian, Rosemary A"]
[Result "1-0"]
[WhiteElo "1977"]
[BlackElo "1861"]
[PlyCount "49"]
[EventDate "2025.08.04"]
[EventType "swiss"]
[EventRounds "7"]
[EventCountry "GBR"]
[SourceTitle "BritBase"]
[Source "John Saunders"]
[SourceDate "2025.08.11"]
[SourceVersion "1"]
[SourceVersionDate "2025.08.11"]
[SourceQuality "1"]

1. c4 e6 2. e4 d5 3. cxd5 exd5 4. exd5 Nf6 5. Nc3 Nbd7 6. Nf3 Be7 7. d4 h6 8. Bd3 Nb6 9. h3 Nbxd5 10. O-O O-O 11. Re1 c6 12. a3 Re8 13. Bc2 Be6 14. Qd3 Nxc3 15. bxc3 c5 16. Rxe6 fxe6 17. Qg6 Bf8 18. Ne5 Re7 19. Ng4 Nxg4 20. Qh7+ Kf7 21. Bg6+ Kf6 22. Bh5 Ne5 23. dxe5+ Kxe5 24. Bf4+ Kxf4 25. Re1 1-0

[Event "GBR-ch111 Over 50"]
[Site "Liverpool"]
[Date "2025.08.10"]
[Round "7.14"]
[White "Alldritt, Nigel RE"]
[Black "Thomas, Robert"]
[Result "1-0"]
[WhiteElo "1888"]
[BlackElo "2166"]
[PlyCount "103"]
[EventDate "2025.08.04"]
[EventType "swiss"]
[EventRounds "7"]
[EventCountry "GBR"]
[SourceTitle "BritBase"]
[Source "John Saunders"]
[SourceDate "2025.08.11"]
[SourceVersion "1"]
[SourceVersionDate "2025.08.11"]
[SourceQuality "1"]

1. d4 d5 2. c4 e6 3. Nf3 Nf6 4. g3 Bb4+ 5. Bd2 Be7 6. Bg2 Ne4 7. O-O c6 8. Qc2 Nd7 9. Nc3 Nxd2 10. Nxd2 O-O 11. e4 dxe4 12. Ndxe4 f5 13. Nd2 e5 14. d5 e4 15. Nb3 Ne5 16. Rad1 Qe8 17. Nd4 Bf6 18. dxc6 bxc6 19. Qe2 Rb8 20. b3 Qe7 21. Nb1 Qc5 22. Nc2 a5 23. Nd2 g6 24. Kh1 Ba6 25. f3 exf3 26. Nxf3 Rfe8 27. Nxe5 Rxe5 28. Qf2 Qe7 29. Rfe1 c5 30. Rd5 Bb7 31. Rexe5 Bxe5 32. Qxc5 Qxc5 33. Rxc5 Bc3 34. Bxb7 Rxb7 35. Kg2 Re7 36. Kf3 Kf7 37. Rd5 h6 38. Rd3 Bf6 39. Ne3 Bb2 40. c5 Rc7 41. Nc4 Bf6 42. Nxa5 Rxc5 43. Nc4 Rc7 44. a4 Be7 45. Rd5 Ke6 46. Re5+ Kf6 47. Rb5 Bc5 48. a5 Bg1 49. h4 Rd7 50. a6 g5 51. Rb7 Rd3+ 52. Kg2 1-0

[Event "GBR-ch111 Over 50"]
[Site "Liverpool"]
[Date "2025.08.10"]
[Round "7.15"]
[White "Regan, Natasha K"]
[Black "Wheeler, Tim"]
[Result "1/2-1/2"]
[WhiteElo "2064"]
[BlackElo "1784"]
[PlyCount "35"]
[EventDate "2025.08.04"]
[EventType "swiss"]
[EventRounds "7"]
[EventCountry "GBR"]
[SourceTitle "BritBase"]
[Source "John Saunders"]
[SourceDate "2025.08.11"]
[SourceVersion "1"]
[SourceVersionDate "2025.08.11"]
[SourceQuality "1"]

1. Nf3 Nf6 2. c4 g6 3. b4 Bg7 4. Bb2 O-O 5. g3 d6 6. Bg2 a5 7. b5 Nbd7 8. O-O e5 9. d3 Nc5 10. a4 Re8 11. Nc3 Rb8 12. d4 exd4 13. Nxd4 Ng4 14. Nd5 Ne5 15. Qc2 Bd7 16. Rfd1 Ng4 17. Ne3 Ne5 18. Nd5 1/2-1/2

[Event "GBR-ch111 Over 50"]
[Site "Liverpool"]
[Date "2025.08.10"]
[Round "7.16"]
[White "Rubeck, Jonathan"]
[Black "Homer, Stephen J"]
[Result "0-1"]
[WhiteElo "1850"]
[BlackElo "2005"]
[PlyCount "116"]
[EventDate "2025.08.04"]
[EventType "swiss"]
[EventRounds "7"]
[EventCountry "GBR"]
[SourceTitle "BritBase"]
[Source "John Saunders"]
[SourceDate "2025.08.11"]
[SourceVersion "1"]
[SourceVersionDate "2025.08.11"]
[SourceQuality "1"]

1. e4 c5 2. c3 Nf6 3. e5 Nd5 4. d4 e6 5. Nf3 d6 6. Bc4 dxe5 7. dxe5 Be7 8. Qe2 a6 9. a4 Nc6 10. O-O Na5 11. Ba2 Qc7 12. Qe4 c4 13. Bd2 Nb6 14. Na3 Bxa3 15. bxa3 Nxa4 16. Rab1 Bd7 17. Qg4 O-O-O 18. Rfc1 Bc6 19. Nd4 Bd5 20. Be3 h5 21. Qe2 Qxe5 22. Rb4 Nc5 23. Bxc4 Bxc4 24. Rxc4 Nxc4 25. Qxc4 Qd5 26. Qe2 Kb8 27. Rb1 e5 28. Nf3 Ka8 29. h3 Nd3 30. Qc2 Rc8 31. Nd2 Nf4 32. Nf3 Rc6 33. Rd1 Qe6 34. Qd2 Rhc8 35. Re1 Rd6 36. Nd4 Qf6 37. Bxf4 Qxf4 38. Qxf4 exf4 39. Nf5 Rg6 40. c4 f3 41. g3 Rxc4 42. Re3 Rc5 43. Nh4 Rf6 44. Nxf3 Rcf5 45. Kg2 Ka7 46. g4 hxg4 47. hxg4 Rf4 48. Kg3 Rxf3+ 49. Rxf3 Rxf3+ 50. Kxf3 Kb6 51. Ke4 Kc5 52. Ke5 b5 53. f4 a5 54. f5 b4 55. axb4+ axb4 56. g5 b3 57. g6 fxg6 58. fxg6 b2 0-1

[Event "GBR-ch111 Over 50"]
[Site "Liverpool"]
[Date "2025.08.10"]
[Round "7.18"]
[White "Smith, Jeff R"]
[Black "May, Paul"]
[Result "1/2-1/2"]
[WhiteElo "2050"]
[BlackElo "1815"]
[PlyCount "60"]
[EventDate "2025.08.04"]
[EventType "swiss"]
[EventRounds "7"]
[EventCountry "GBR"]
[SourceTitle "BritBase"]
[Source "John Saunders"]
[SourceDate "2025.08.11"]
[SourceVersion "1"]
[SourceVersionDate "2025.08.11"]
[SourceQuality "1"]

1. e4 c5 2. Nf3 a6 3. c3 d5 4. exd5 Qxd5 5. d4 e6 6. Be2 Nf6 7. O-O Nc6 8. Be3 cxd4 9. Nxd4 Ne5 10. Nd2 Be7 11. f4 Nc6 12. Bf3 Qd7 13. Nxc6 bxc6 14. Qa4 Bb7 15. Nc4 Rb8 16. Ne5 Qc7 17. Bxc6+ Kf8 18. b4 Rc8 19. Bxb7 Qxb7 20. Bd4 Nd5 21. Rac1 f6 22. Nd7+ Kf7 23. Nc5 Bxc5 24. Bxc5 f5 25. c4 Nf6 26. Rcd1 Rhd8 27. Rxd8 Rxd8 28. Rd1 Rxd1+ 29. Qxd1 Qe4 30. Qf1 Qc2 1/2-1/2